Tansu Çiller'in siyaset romanı (Record no. 8175)

MARC details
000 -BAŞLIK
Sabit Uzunlukta Kontrol Alanı 00867na a2200289 4500
001 - KONTROL NUMARASI
Denetim Alanı 13969
003 - KONTROL NUMARASI IDENTIFIER
Denetim Alanı MIRAKIL
005 - SON İŞLEM TARİHİ VE ZAMANI
Denetim Alanı 20181213155202.0
008 - SABİT-BOY VERİ ELEMANLARI - GENEL BİLGİLER
Sabit Uzunlukta Kontrol Alanı 161022b tu 000 0
020 ## - ULUSLARARASI STANDART KİTAP NUMARASI
Uluslararası Standart Kitap Numarası 9754944520
035 ## - SİSTEM KONTROL NUMARASI
Sistem Kontrol Numarası 13969
040 ## - KATALOGLAMA KAYNAK
Orijinal Kataloglama Ajansı Milas
Kataloglama Dili tur
Metne Dönüştürmek Ajansı TR-AnCHP
041 ## - DİL KODU
Metin / Ses Parça Veya Ayrı Başlığın Dil Kodu tur
082 ## - DEWEY ONLU SINIFLANDIRMA NUMARASI
Sınıflandırma Numarası 923.2 Çiller,T.
Ürün Numarası E63t 1994
090 ## - SINIFLAMA NUMARASI
Sınıflama Numarası 923.2 Çiller,T. E63t 1994
100 ## - ANA GİRİŞ - KİŞİSEL İSİM
Kişisel Ad Erel, Nursun
245 ## - BAŞLIK TABLOSU
Başlık Tansu Çiller'in siyaset romanı
Sorumluluk Tablosu, Vb Nursun Erel, Ali Bilge
250 ## - EDITION TABLOSU
Baskı Beyanı 2. bs.
260 ## - YAYIN, DAĞITIM, VB
Yayın, Dağıtım, Vb Yeri Ankara
Yayıncı, Dağıtıcı, Vs Adı Bilgi Yayınevi
Yayın, Dağıtım, Vb Tarihi 1994
300 ## - FİZİKSEL TANIM
Kapsam 273 s.
Boyutlar 19 sm.
490 ## - SERİSİ TABLOSU
Seri Beyanı Bilgi yayınları/ Bilgi dizisi
Hacim / Ardışık Tanımı 96
600 ## - KONU KATMA GİRİŞ - KURUMSAL ADI
Kişisel Ad Çiller, Tansu
Bir Adıyla İlişkilendirilen Tarihler 1946 -
Genel Alt Bölümü Siyasal ve sosyal görüşler
650 ## - KONU KATMA GİRİŞ - TOPİKAL DÖNEM
Topikal Süreli Veya Coğrafi Ad Giriş Elemanı Kadın başbakanlar
Genel Alt Bölümü Siyaset ve yönetim
Coğrafi Alt Bölümü Türkiye
651 ## - KONU KATMA GİRİŞ - COĞRAFİ ADI
Coğrafi İsim Türkiye
Genel Alt Bölümü Siyaset ve yönetim
Kronolojik Alt Bölümü 1980-1990
700 ## - KATMA GİRİŞ - KİŞİSEL İSİM
Kişisel Ad Bilge, Ali
942 ## - EKLENDİ GİRİŞ ELEMANLARI (KOHA)
Sınıflandırma Veya Raf Düzeni Kaynak
Koha Öğesi Türü Books
999 ## - SİSTEM KONTROL NUMARALARI (KOHA)
Koha Biblionumber 8175
Koha Biblioitemnumber 8175
Holdings
Kalıcı Konum Mevcut Konum Edinme Tarihi Edinim Kaynak Toplam Check-Out'Lar Tam Çağrı Numarası Barkod Tarih Son Görülme İtibaren Geçerli Fiyatlar Koha Öğesi Türü Kopya Sayısı
CHP Kütüphanesi CHP Kütüphanesi 08/23/2016 Bağış   923.2 Çiller,T. E63t 1994 001371 08/23/2016 08/23/2016 Books  
CHP Kütüphanesi CHP Kütüphanesi 11/17/2016 Bağış   923.2 Çiller,T. E63t 1994 005559 11/17/2016 11/17/2016 Books k.2